[Event "Int. StuttgarterStadtmeisterschaft C"]
[Site "Ditzingen"]
[Date "2019.05.30"]
[Round "1.1"]
[White "Reichardt, Felix Alexander"]
[Black "DÃ¶rr, Florian"]
[Result "0-1"]
[WhiteElo "1162"]
[BlackElo "1493"]
[PlyCount "80"]
[EventDate "2019.??.??"]
[WhiteTeam "SF MarkgrÃ¤flerland e."]
[BlackTeam "SC Ostfildern"]

1. Nf3 Nf6 2. d4 b6 3. g3 Bb7 4. Bg2 c5 5. Bf4 cxd4 6. Bxb8 Rxb8 7. Qxd4 e6 8.
O-O Be7 9. Nc3 d5 10. Qa4+ Nd7 11. Ne5 a6 12. Qxd7+ Qxd7 13. Nxd7 Kxd7 14. e4
d4 15. Ne2 e5 16. Rfd1 Ke6 17. c3 dxc3 18. Nxc3 f5 19. exf5+ Kxf5 20. Bxb7 Rxb7
21. Nd5 Bc5 22. Ne3+ Bxe3 23. fxe3 Ke4 24. Kf2 Rf8+ 25. Ke2 Rf3 26. Rd3 Rc7 27.
Rb3 Rc2+ 28. Ke1 Rxe3+ 29. Rxe3+ Kxe3 30. h4 Rh2 31. Kd1 Rh1+ 32. Kc2 Rxa1 33.
a3 Kf3 34. Kd3 e4+ 35. Kd4 e3 36. Kd5 e2 37. Kc6 e1=Q 38. Kxb6 Rc1 39. Kxa6 Rc5
40. Kb7 Qa5 0-1

[Event "Int. StuttgarterStadtmeisterschaft C"]
[Site "Ditzingen"]
[Date "2019.05.30"]
[Round "1.2"]
[White "Schmidt, Victor"]
[Black "Rodewald, Colin"]
[Result "1-0"]
[WhiteElo "1461"]
[BlackElo "1157"]
[PlyCount "113"]
[EventDate "2019.??.??"]
[WhiteTeam "SK e4 Gerlingen"]
[BlackTeam "TSV Denkendorf"]

1. e4 c5 2. Nf3 d6 3. Nc3 a6 4. d4 Nd7 5. Bd3 b5 6. a3 c4 7. Be2 Bb7 8. O-O e5
9. d5 Ngf6 10. Re1 Nc5 11. Nd2 g6 12. b3 cxb3 13. cxb3 Bh6 14. Bf3 Nd3 15. Rf1
Nxc1 16. Rxc1 Rc8 17. b4 O-O 18. g3 Qb6 19. Qe2 Rc7 20. Ncb1 Rfc8 21. Rxc7 Rxc7
22. Nb3 Bc8 23. Kg2 g5 24. h3 Bg7 25. Rd1 Re7 26. Rc1 Rc7 27. Rc3 Bd7 28. Qc2
Ne8 29. N1d2 Qb7 30. Na5 Qc8 31. Nc6 Kf8 32. Nb3 g4 33. hxg4 Bxg4 34. Bxg4 Qxg4
35. Nba5 Nf6 36. f3 Qg6 37. Qf2 Bh6 38. Rd3 Nxe4 39. fxe4 Qxe4+ 40. Qf3 Qg6 41.
Rd1 f5 42. Rf1 f4 43. Kh3 Rg7 44. gxf4 Qf5+ 45. Kh2 Bxf4+ 46. Kh1 Rg3 47. Qxg3
Qe4+ 48. Qf3 Qc2 49. Qg2 Qxg2+ 50. Kxg2 Ke8 51. Nb8 Kd8 52. Rxf4 exf4 53. Kf3
Ke7 54. Kxf4 Kf6 55. Nxa6 h5 56. Nc7 h4 57. Kg4 1-0

[Event "Int. StuttgarterStadtmeisterschaft C"]
[Site "Ditzingen"]
[Date "2019.05.30"]
[Round "1.3"]
[White "Sharp, David"]
[Black "Bitzel, Hubert"]
[Result "1-0"]
[WhiteElo "1148"]
[BlackElo "1459"]
[PlyCount "91"]
[EventDate "2019.??.??"]
[WhiteTeam "Stuttgarter SF 1879"]
[BlackTeam "TSF Ditzingen"]

1. e4 e5 2. Nf3 d5 3. exd5 Bd6 4. c4 Bg4 5. Be2 f5 6. h3 Bxf3 7. Bxf3 Nf6 8. d3
Nbd7 9. Bg5 O-O 10. O-O Qe8 11. Nc3 a6 12. Re1 Qg6 13. Bh4 Rae8 14. Qd2 h6 15.
Bd1 Nh5 16. Bxh5 Qxh5 17. Bg3 f4 18. Bh2 f3 19. Ne4 fxg2 20. Kxg2 Qf3+ 21. Kg1
Qxh3 22. Re3 Rf3 23. Rxf3 Qxf3 24. Qe3 Rf8 25. Qxf3 Rxf3 26. Nxd6 cxd6 27. Rd1
g5 28. Kg2 Rf6 29. f3 Kf7 30. d4 exd4 31. Rxd4 h5 32. b4 b6 33. f4 g4 34. a4 h4
35. f5 g3 36. Bg1 Rh6 37. Kh3 Ne5 38. Rxh4 Rxh4+ 39. Kxh4 Nf3+ 40. Kxg3 Nxg1
41. Kf2 Nh3+ 42. Ke3 Kf6 43. a5 bxa5 44. b5 axb5 45. cxb5 Ke7 46. f6+ 1-0

[Event "Int. StuttgarterStadtmeisterschaft C"]
[Site "Ditzingen"]
[Date "2019.05.30"]
[Round "1.4"]
[White "Klebba, Adrian"]
[Black "Reichmann, Bernd"]
[Result "1/2-1/2"]
[WhiteElo "1457"]
[BlackElo "1146"]
[PlyCount "83"]
[EventDate "2019.??.??"]
[WhiteTeam "SV Altbach"]
[BlackTeam "SV Fellbach"]

1. d4 Nf6 2. c4 e6 3. Nc3 Nc6 4. Bg5 Be7 5. Nf3 b6 6. e4 O-O 7. d5 Na5 8. b4
Nb7 9. Qb3 d6 10. Be2 e5 11. O-O Bg4 12. Rfe1 Nh5 13. Bxe7 Qxe7 14. Nd2 Bxe2
15. Nxe2 a5 16. a3 f5 17. Qh3 Qg5 18. Nf3 Qg4 19. Qxg4 fxg4 20. Nh4 Nf4 21.
Nxf4 Rxf4 22. g3 Rf6 23. Nf5 Raf8 24. Rf1 g6 25. Nh6+ Kg7 26. Nxg4 Rf3 27. Ne3
Ra8 28. Kg2 Rff8 29. h4 Ra7 30. Rh1 h5 31. f3 axb4 32. axb4 Rfa8 33. Nc2 Ra2
34. Rhc1 Nd8 35. Rxa2 Rxa2 36. Kh3 Kf6 37. f4 Ke7 38. fxe5 dxe5 39. g4 Nf7 40.
gxh5 gxh5 41. c5 Nh6 42. Kg3 1/2-1/2

[Event "Int. StuttgarterStadtmeisterschaft C"]
[Site "Ditzingen"]
[Date "2019.05.30"]
[Round "1.5"]
[White "Heel, Lorenzo"]
[Black "Skottke, Oliver"]
[Result "1-0"]
[WhiteElo "1146"]
[BlackElo "1439"]
[PlyCount "84"]
[EventDate "2019.??.??"]
[WhiteTeam "SF Pfullingen"]
[BlackTeam "TSF Ditzingen"]

1. d4 d5 2. Nc3 Nf6 3. Bf4 Bd7 4. e3 g6 5. Bd3 Bg7 6. Nf3 O-O 7. O-O c6 8. Re1
Bg4 9. h3 Bxf3 10. Qxf3 Nh5 11. Bh2 e6 12. Ne2 Qf6 13. Qxf6 Nxf6 14. c4 Nbd7
15. a3 Nb6 16. c5 Nc4 17. Bxc4 dxc4 18. Rac1 Nd7 19. Rxc4 e5 20. dxe5 Nxe5 21.
Re4 Nd3 22. Rd1 Rfd8 23. b4 Bb2 24. Bd6 Nxc5 25. bxc5 Bxa3 26. Rdd4 b6 27. Rc4
b5 28. Rcd4 a5 29. Rd3 b4 30. Nd4 Rdc8 31. Nc2 Bb2 32. Nxb4 axb4 33. Rxb4 Ra1+
34. Kh2 Bg7 35. e4 Ra2 36. Rf3 Ra6 37. Rb7 Re8 38. Rfxf7 Be5+ 39. Bxe5 Rxe5 40.
Rfc7 Kf8 41. f3 Ra5 42. Rxc6 Raxc5 1-0

[Event "Int. StuttgarterStadtmeisterschaft C"]
[Site "Ditzingen"]
[Date "2019.05.30"]
[Round "1.6"]
[White "JÃ¼nk, Lenny"]
[Black "Izquierdo, Antonio"]
[Result "0-1"]
[WhiteElo "1110"]
[BlackElo "1409"]
[PlyCount "50"]
[EventDate "2019.??.??"]
[WhiteTeam "SC Leinzell"]
[BlackTeam "TSF Ditzingen"]

1. e4 e5 2. Nf3 Bc5 3. Bc4 d6 4. O-O Bg4 5. c3 Qf6 6. Qb3 Bb6 7. Be2 Be6 8.
Qa4+ c6 9. d4 Nd7 10. Nbd2 g5 11. h3 Qg6 12. Re1 h5 13. h4 g4 14. Ng5 Qf6 15.
Nxe6 fxe6 16. Nc4 Qxh4 17. Nxd6+ Ke7 18. g3 Qf6 19. Nc4 Rf8 20. Be3 exd4 21.
Bf4 e5 22. Nxb6 axb6 23. Bc1 Qxf2+ 24. Kh1 Qxe1+ 25. Kg2 Rf2# 0-1

[Event "Int. StuttgarterStadtmeisterschaft C"]
[Site "Ditzingen"]
[Date "2019.05.30"]
[Round "1.7"]
[White "Martin, Peter"]
[Black "Lindemann, Bastian"]
[Result "1-0"]
[WhiteElo "1390"]
[BlackElo "1034"]
[PlyCount "79"]
[EventDate "2019.??.??"]
[WhiteTeam "SC Wittlich 1947"]
[BlackTeam "SC Feuerbach e. V."]

1. e4 e5 2. Nf3 Nc6 3. Bb5 Nf6 4. O-O Be7 5. Nc3 O-O 6. d4 exd4 7. Nxd4 Nxd4 8.
Qxd4 c5 9. Qe3 a6 10. Be2 d6 11. Rd1 Ng4 12. Bxg4 Bxg4 13. f3 Be6 14. e5 d5 15.
Nxd5 Bxd5 16. c4 Qb6 17. cxd5 Rad8 18. b3 Qa5 19. Bb2 c4 20. d6 Bh4 21. Qd4 c3
22. Bxc3 Qb5 23. a4 Qe2 24. Rd2 Bf2+ 25. Qxf2 Qxf2+ 26. Kxf2 Rc8 27. d7 Rb8 28.
Rad1 Rfd8 29. Bb4 g6 30. Be7 Re8 31. dxe8=Q+ Rxe8 32. Rd8 Rxd8 33. Rxd8+ Kg7
34. Bf6+ Kh6 35. Rd4 g5 36. f4 g4 37. f5 Kh5 38. h3 b5 39. Rxg4 bxa4 40. Rh4#
1-0

[Event "Int. StuttgarterStadtmeisterschaft C"]
[Site "Ditzingen"]
[Date "2019.05.30"]
[Round "1.8"]
[White "Hain, Flori"]
[Black "Kandler, Christoph"]
[Result "0-1"]
[WhiteElo "1031"]
[BlackElo "1385"]
[PlyCount "84"]
[EventDate "2019.??.??"]
[WhiteTeam "SF Pfullingen"]
[BlackTeam "SF Nabern"]

1. e4 e5 2. Nf3 f5 3. d3 Nf6 4. exf5 d6 5. Nc3 Bxf5 6. Bg5 Be7 7. Bxf6 Bxf6 8.
Nd5 Nc6 9. Nxf6+ Qxf6 10. Nd2 Nd4 11. Ne4 Qg6 12. c3 Ne6 13. Qf3 O-O 14. Qg3
Bxe4 15. Qxg6 Bxg6 16. Be2 Nf4 17. g3 Nxd3+ 18. Bxd3 Bxd3 19. Rd1 e4 20. f4
Rae8 21. h4 Rf5 22. Rh2 g6 23. Rf2 e3 24. Rf3 Bb5 25. Rc1 Bc6 26. Rf1 Bg2 27.
Rg1 Bh3 28. Rc2 Rd5 29. g4 Rd2 30. Rxd2 exd2+ 31. Kxd2 Re4 32. Rg3 Bf1 33. Rf3
Bb5 34. b3 Re2+ 35. Kd1 Rxa2 36. c4 Bc6 37. Re3 Kf7 38. Rc3 Rg2 39. g5 Rf2 40.
Rh3 Rxf4 41. h5 gxh5 42. Rxh5 Bf3+ 0-1

[Event "Int. StuttgarterStadtmeisterschaft C"]
[Site "Ditzingen"]
[Date "2019.05.30"]
[Round "1.9"]
[White "Dietrich, Malte"]
[Black "Schott, Abelardo"]
[Result "1/2-1/2"]
[WhiteElo "1382"]
[BlackElo "1029"]
[PlyCount "58"]
[EventDate "2019.??.??"]
[WhiteTeam "SV Dettingen Erms"]
[BlackTeam "SF Nabern"]

1. d4 e6 2. c4 c5 3. d5 d6 4. e4 e5 5. Nf3 Nf6 6. Nc3 g6 7. Be2 Bg7 8. Bd2 O-O
9. Qc1 b6 10. Bh6 Nbd7 11. Bxg7 Kxg7 12. h3 Nh5 13. g3 h6 14. Nh4 Ndf6 15. Bxh5
Nxh5 16. Ne2 g5 17. Ng2 f5 18. f3 fxe4 19. fxe4 Qf6 20. Qe3 Bxh3 21. Rxh3 Qf1+
22. Kd2 Qxa1 23. Rxh5 Qxb2+ 24. Ke1 Qb4+ 25. Nc3 Qxc4 26. Rxg5+ hxg5 27. Qxg5+
Kh7 28. Qe7+ Kg8 29. Qg5+ Kh7 1/2-1/2

[Event "Int. StuttgarterStadtmeisterschaft C"]
[Site "Ditzingen"]
[Date "2019.05.30"]
[Round "1.10"]
[White "Herbert, Arik Jens"]
[Black "SchrÃ¶der, Martin"]
[Result "1-0"]
[WhiteElo "1022"]
[BlackElo "1378"]
[PlyCount "71"]
[EventDate "2019.??.??"]
[WhiteTeam "SC Feuerbach e. V."]
[BlackTeam "SK Heidenheim"]

1. e4 c5 2. Nf3 e6 3. c4 Nc6 4. Nc3 a6 5. d4 cxd4 6. Nxd4 Bb4 7. Bd2 Nxd4 8.
Ne2 Nxe2 9. Bxb4 Nf4 10. Qg4 Ng6 11. Bc3 Nf6 12. Qe2 a5 13. e5 Ng8 14. Qe4 N8e7
15. a3 Nc6 16. Qb1 b6 17. b4 O-O 18. c5 Ba6 19. Bxa6 Rxa6 20. b5 Ra8 21. bxc6
bxc5 22. cxd7 Qxd7 23. O-O Qc7 24. Re1 Rab8 25. Qd3 Rfd8 26. Qg3 a4 27. Rab1 c4
28. Qg4 Rxb1 29. Rxb1 Rd3 30. Bb4 c3 31. Bd6 Rxd6 32. exd6 Qxd6 33. Qxa4 h6 34.
h3 Nf4 35. Qc2 Qxa3 36. Rb8+ 1-0

[Event "Int. StuttgarterStadtmeisterschaft C"]
[Site "Ditzingen"]
[Date "2019.05.30"]
[Round "1.11"]
[White "Hennicken, Arnold"]
[Black "Kratt, Lauri"]
[Result "1-0"]
[WhiteElo "1372"]
[BlackElo "1006"]
[PlyCount "51"]
[EventDate "2019.??.??"]
[WhiteTeam "SF Esch e. V."]
[BlackTeam "SF Freiberg"]

1. d4 d5 2. c4 Be6 3. c5 Nc6 4. Nf3 Nf6 5. Nc3 g6 6. Bf4 Bg7 7. e3 Ne4 8. Nb5
Rc8 9. Qc2 a6 10. Nc3 Bf5 11. Nh4 Ng3 12. Nxf5 Nxh1 13. Nxg7+ Kf8 14. Bh6 e6
15. Nxe6+ Ke8 16. Nxd8 Kxd8 17. Nxd5 Ne7 18. Bg5 Re8 19. Nxe7 Rxe7 20. Bxe7+
Kxe7 21. Qe4+ Kf8 22. Qxb7 Re8 23. Qxc7 Re7 24. Qd6 Ke8 25. Bxa6 Re6 26. Bb5#
1-0

[Event "Int. StuttgarterStadtmeisterschaft C"]
[Site "Ditzingen"]
[Date "2019.05.30"]
[Round "1.12"]
[White "Koch, Steffen"]
[Black "Lin, Jean-Claude"]
[Result "0-1"]
[WhiteElo "998"]
[BlackElo "1366"]
[PlyCount "76"]
[EventDate "2019.??.??"]
[WhiteTeam "SF Nabern"]
[BlackTeam "SC Sillenbuch"]

1. d4 Nf6 2. Nf3 c5 3. c3 cxd4 4. Qxd4 Nc6 5. Qd1 d5 6. Bf4 Bg4 7. e3 a6 8. h3
Bh5 9. Be2 Bg6 10. Nbd2 Nh5 11. Ne5 Nxf4 12. exf4 Nxe5 13. fxe5 e6 14. Nf3 Be7
15. Qd2 O-O 16. Nd4 Bg5 17. f4 Bh4+ 18. Kf1 Qe7 19. Qe3 f6 20. Nf3 fxe5 21.
Nxe5 Be4 22. Rh2 Bg5 23. g3 Bf6 24. Qd4 Qc7 25. Kg1 Be7 26. b4 Rf5 27. Bg4 Rf6
28. Nf3 h6 29. Qe5 Qb6+ 30. Nd4 Kh8 31. Rf2 Bd6 32. Qh5 Bg6 33. Qh4 Re8 34. Bh5
e5 35. Re1 exd4 36. Rxe8+ Bxe8 37. Bxe8 dxc3 38. a3 c2 0-1

[Event "Int. StuttgarterStadtmeisterschaft C"]
[Site "Ditzingen"]
[Date "2019.05.30"]
[Round "1.13"]
[White "Winterkorn, Nikolaus"]
[Black "Eid, Noah"]
[Result "1-0"]
[WhiteElo "1358"]
[BlackElo "984"]
[PlyCount "108"]
[EventDate "2019.??.??"]
[WhiteTeam "DJK Sportbund Stgt."]
[BlackTeam "SF Freiberg"]

1. Nf3 d5 2. d4 Nc6 3. e3 Bf5 4. Bb5 Nf6 5. Nbd2 e6 6. h3 Bb4 7. c3 Bd6 8. O-O
Ne4 9. Nxe4 dxe4 10. Nh2 Qg5 11. Kh1 h5 12. f4 Qf6 13. Qa4 Kd7 14. c4 a6 15.
Bxc6+ bxc6 16. Bd2 g5 17. Bc3 Qe7 18. d5 exd5 19. Bxh8 dxc4 20. Bc3 gxf4 21.
Rad1 Rg8 22. Rxf4 Qg5 23. Qc2 Ke6 24. Rxd6+ cxd6 25. Qf2 d5 26. Be1 h4 27. Rxh4
f6 28. g4 Bg6 29. Qf4 Qxf4 30. exf4 f5 31. g5 a5 32. Nf1 a4 33. Bc3 Rd8 34. Rh6
Kf7 35. Bd4 Rd6 36. h4 Kg8 37. h5 Kf7 38. Rxg6 Rxg6 39. hxg6+ Kxg6 40. Ng3 a3
41. bxa3 c5 42. Bxc5 c3 43. Be3 Kf7 44. Nxf5 Ke6 45. Nd4+ Kd6 46. a4 Kc5 47. g6
Kc4 48. g7 Kd3 49. Bg1 e3 50. g8=Q e2 51. Nxe2 Kxe2 52. Qxd5 c2 53. Qc4+ Kd1
54. Qxc2+ Kxc2 1-0

[Event "Int. StuttgarterStadtmeisterschaft C"]
[Site "Ditzingen"]
[Date "2019.05.30"]
[Round "1.14"]
[White "Gavagan, Thomas"]
[Black "KÃ¤fer, Hermann"]
[Result "0-1"]
[WhiteElo "984"]
[BlackElo "1337"]
[PlyCount "102"]
[EventDate "2019.??.??"]
[WhiteTeam "SK Wernau"]
[BlackTeam "SC Ostfildern"]

1. d4 d5 2. c4 e6 3. Nc3 Nf6 4. Nf3 b6 5. Bg5 Be7 6. cxd5 Nxd5 7. Bxe7 Nxe7 8.
e3 O-O 9. Bc4 Bb7 10. O-O Nd7 11. Re1 Nf6 12. Qc2 Rc8 13. Qe2 c5 14. Red1 Ned5
15. dxc5 Nxc3 16. bxc3 Qc7 17. Bb3 Qxc5 18. Rac1 Rfd8 19. Rxd8+ Rxd8 20. c4 Qh5
21. Rd1 Rxd1+ 22. Qxd1 g6 23. Qd8+ Kg7 24. Bd1 Qc5 25. Qd3 Ba6 26. Be2 Bb7 27.
Qd8 Bxf3 28. gxf3 Qa3 29. Qd2 a6 30. h4 h6 31. f4 Qc5 32. Qc3 Qf5 33. Qe5 Qxe5
34. fxe5 Nd7 35. f4 g5 36. Kh2 Nc5 37. Kh3 a5 38. hxg5 hxg5 39. Kg4 gxf4 40.
exf4 Ne4 41. Kf3 Nc3 42. a3 Nb1 43. Bd1 Nxa3 44. Bb3 f5 45. Ke3 a4 46. Bxa4
Nxc4+ 47. Kd4 Nd2 48. Kc3 Nf3 49. Bd7 Kf7 50. Bb5 Ke7 51. Kb4 Nh4 0-1

[Event "Int. StuttgarterStadtmeisterschaft C"]
[Site "Ditzingen"]
[Date "2019.05.30"]
[Round "1.15"]
[White "Maier, Manuel"]
[Black "Aydin, Sami"]
[Result "1-0"]
[WhiteElo "1334"]
[BlackElo "977"]
[PlyCount "59"]
[EventDate "2019.??.??"]
[WhiteTeam "SV Reutlingen"]
[BlackTeam "SF Freiberg"]

1. e4 e5 2. f4 d6 3. Nf3 Nc6 4. Bb5 Nge7 5. fxe5 dxe5 6. d3 a6 7. Bc4 f6 8. O-O
Nd4 9. Nxe5 fxe5 10. Qh5+ g6 11. Qxe5 Ne2+ 12. Kh1 Qd4 13. Qxc7 Qxc4 14. Qxc4
Bg4 15. Nc3 Rc8 16. Qf7+ Kd7 17. Qf2 Nxc3 18. bxc3 Rxc3 19. Bb2 Bg7 20. Bxc3
Bxc3 21. Rab1 Rb8 22. Qg3 Be2 23. Qxb8 Bxf1 24. Qxb7+ Ke8 25. Rxf1 Ba5 26. Qxa6
Bd8 27. Qb5+ Nc6 28. a4 Kd7 29. Rf7+ Ke6 30. Qd5# 1-0

[Event "Int. StuttgarterStadtmeisterschaft C"]
[Site "Ditzingen"]
[Date "2019.05.30"]
[Round "1.16"]
[White "Krause, Benjamin"]
[Black "Stockburger, Marius"]
[Result "0-1"]
[WhiteElo "965"]
[BlackElo "1332"]
[PlyCount "96"]
[EventDate "2019.??.??"]
[WhiteTeam "SV Stuttgart-Wolfbusch"]
[BlackTeam "SF Freiberg"]

1. e4 c6 2. d4 d5 3. exd5 cxd5 4. Nf3 Nc6 5. c4 e6 6. cxd5 exd5 7. Bb5 Bd6 8.
Nc3 Nf6 9. Bg5 a6 10. Bxc6+ bxc6 11. Qa4 O-O 12. O-O Bd7 13. Ne5 Ra7 14. Nxc6
Bxc6 15. Qxc6 Ra8 16. Nxd5 Bxh2+ 17. Kxh2 Qxd5 18. Qxd5 Nxd5 19. Rad1 Rab8 20.
Rb1 Rb4 21. Rfd1 Rfb8 22. Rd2 f6 23. a3 Nc3 24. axb4 Nxb1 25. Rd1 fxg5 26. Rxb1
Rxb4 27. Rd1 Rxb2 28. f3 Rb6 29. d5 Rd6 30. Kg3 Kf7 31. Kg4 Kf6 32. f4 h5+ 33.
Kxh5 gxf4 34. Kg4 Ke5 35. Ra1 Kxd5 36. Kxf4 Ke6 37. g4 Kf7 38. Kf5 Ke7 39. g5
Kd7 40. Ke5 g6 41. Kf4 Re6 42. Ra4 Kc7 43. Rc4+ Kb6 44. Ra4 Kb5 45. Ra1 a5 46.
Rb1+ Ka6 47. Ra1 Rb6 48. Ra4 Rb4+ 0-1

[Event "Int. StuttgarterStadtmeisterschaft C"]
[Site "Ditzingen"]
[Date "2019.05.30"]
[Round "1.17"]
[White "Herbst, Karin"]
[Black "Wohlgemuth, Wolfgang"]
[Result "0-1"]
[WhiteElo "1410"]
[BlackElo "1123"]
[PlyCount "56"]
[EventDate "2019.??.??"]
[WhiteTeam "Zentrumsbauer Stuttgart"]
[BlackTeam "TG Biberach"]

1. c4 e6 2. Nc3 c6 3. d4 Bb4 4. Bd2 Nf6 5. Qc2 d6 6. Nf3 Nbd7 7. a3 Bxc3 8.
Bxc3 a6 9. e3 b5 10. b3 Bb7 11. Rd1 d5 12. c5 Ne4 13. Bd3 f5 14. O-O Ndf6 15.
Ne5 g6 16. f3 Nxc3 17. Qxc3 h5 18. Nxg6 Rg8 19. Nf4 Ra7 20. Qe1 Bc8 21. b4 Re7
22. Qh4 Reg7 23. Rd2 Rh8 24. Qe1 Qc7 25. Bc2 h4 26. Qb1 h3 27. Nd3 Rxg2+ 28.
Rxg2 hxg2 0-1

[Event "Int. StuttgarterStadtmeisterschaft C"]
[Site "Ditzingen"]
[Date "2019.05.30"]
[Round "1.18"]
[White "Polarczyk, Thomas"]
[Black "Herzig, Karl"]
[Result "1-0"]
[WhiteElo "1326"]
[BlackElo "963"]
[PlyCount "87"]
[EventDate "2019.??.??"]
[WhiteTeam "SV Leonberg"]
[BlackTeam "SC Sillenbuch"]

1. e4 d5 2. exd5 Qxd5 3. Nc3 Qe6+ 4. Nge2 Nc6 5. d4 Qg6 6. Nf4 Qf6 7. Nb5 Kd8
8. Nxc7 Rb8 9. Nb5 a6 10. Na3 g6 11. Be3 Bh6 12. Qd2 Nxd4 13. Qxd4+ Bd7 14.
Qxf6 Nxf6 15. Rd1 e5 16. Bb6+ Ke8 17. Nd5 Nxd5 18. Rxd5 f6 19. f3 Be6 20. Rd6
Ke7 21. Rd1 Bxa2 22. b3 Bf8 23. Bc5+ Ke6 24. Bxf8 Rhxf8 25. Ra1 Bxb3 26. cxb3
Rfd8 27. Bc4+ Ke7 28. Rd1 b5 29. Rxd8 Rxd8 30. Be2 b4 31. Nc4 Ra8 32. Kf2 a5
33. Ra1 Ke6 34. Rxa5 Rxa5 35. Nxa5 Kd5 36. Ke3 h5 37. Bc4+ Kc5 38. Bf7 f5 39.
g3 g5 40. Bxh5 f4+ 41. gxf4 exf4+ 42. Ke4 Kb5 43. Nc4 g4 44. Bxg4 1-0

[Event "Int. StuttgarterStadtmeisterschaft C"]
[Site "Ditzingen"]
[Date "2019.05.30"]
[Round "1.19"]
[White "Wippermann, Tim"]
[Black "Drianis, Anton"]
[Result "1-0"]
[WhiteElo "908"]
[BlackElo "1308"]
[PlyCount "65"]
[EventDate "2019.??.??"]
[WhiteTeam "SF Freiberg"]
[BlackTeam "SK e4 Gerlingen"]

1. e4 e6 2. Nf3 d5 3. e5 c5 4. d4 Nc6 5. Bb5 Bd7 6. Bxc6 Bxc6 7. Be3 Qb6 8. b3
Ne7 9. O-O Nf5 10. Qd2 Be7 11. Nc3 Nxe3 12. Qxe3 O-O-O 13. Ne2 h6 14. Rab1 g5
15. Nd2 f5 16. exf6 Bd6 17. c4 Rde8 18. f4 Qc7 19. dxc5 gxf4 20. Nxf4 Be5 21.
g3 d4 22. Qf2 Bxf6 23. Ng6 Rhg8 24. Qxf6 Ref8 25. Qxe6+ Bd7 26. Qe2 Bf5 27.
Rxf5 Rxf5 28. Qe6+ Qd7 29. Qxg8+ Kc7 30. Rf1 Rxf1+ 31. Kxf1 Qf5+ 32. Nf4 Qxc5
33. Ne6+ 1-0

[Event "Int. StuttgarterStadtmeisterschaft C"]
[Site "Ditzingen"]
[Date "2019.05.30"]
[Round "1.20"]
[White "Lang, Justus"]
[Black "Ohler, Bettina"]
[Result "1-0"]
[WhiteElo "1305"]
[BlackElo "894"]
[PlyCount "95"]
[EventDate "2019.??.??"]
[WhiteTeam "SK e4 Gerlingen"]
[BlackTeam "SG Trier"]

1. e4 d6 2. d4 Nf6 3. Nc3 g6 4. Bc4 Bg7 5. h3 O-O 6. Nf3 Nbd7 7. Be3 Re8 8. Qd2
e5 9. dxe5 Nxe5 10. Nxe5 dxe5 11. O-O-O Be6 12. Bxe6 fxe6 13. g4 Qxd2+ 14. Rxd2
Red8 15. Rxd8+ Rxd8 16. Bxa7 Bh6+ 17. Kb1 b6 18. f3 Bf4 19. Rd1 Rd2 20. Rxd2
Bxd2 21. Nb5 Ne8 22. Bb8 c6 23. Na3 Bf4 24. Nc4 b5 25. Bxe5 bxc4 26. Bxf4 Nf6
27. a4 Nd7 28. Ka2 Nc5 29. Ka3 Na6 30. b4 cxb3 31. Kxb3 Kf7 32. Kc4 Ke7 33. Be5
Kd7 34. f4 h6 35. h4 h5 36. gxh5 gxh5 37. f5 exf5 38. exf5 Ke7 39. Kd4 Nb4 40.
Kc5 Nxc2 41. Kxc6 Ne3 42. a5 Ng4 43. Bc7 Kf7 44. a6 Ne3 45. a7 Nxf5 46. a8=Q
Ne7+ 47. Kc5 Nf5 48. Qf3 1-0

[Event "Int. StuttgarterStadtmeisterschaft C"]
[Site "Ditzingen"]
[Date "2019.05.30"]
[Round "2.1"]
[White "Dörr, Florian"]
[Black "Konz, Andreas"]
[Result "1/2-1/2"]
[WhiteElo "1493"]
[BlackElo "1273"]
[PlyCount "70"]
[EventDate "2019.??.??"]
[WhiteTeam "SC Ostfildern"]
[BlackTeam "SC Ingersheim e.V."]

1. b3 d6 2. Bb2 c6 3. Nf3 Qc7 4. e3 Bg4 5. Be2 Bxf3 6. Bxf3 e5 7. d4 Nd7 8. O-O
Ne7 9. Nd2 Ng6 10. c4 Be7 11. Be4 O-O 12. f4 f5 13. Bc2 e4 14. Rc1 b6 15. g4
fxg4 16. Qxg4 c5 17. Bxe4 Rae8 18. Bxg6 hxg6 19. Qxg6 Bf6 20. Rf3 Rf7 21. Bc3
Nf8 22. Qh5 g6 23. Qg4 Rh7 24. d5 Rh4 25. Qg2 Bxc3 26. Rxc3 Re7 27. Rh3 Reh7
28. Rxh4 Rxh4 29. Ne4 Qe7 30. Qg5 Qxe4 31. Qxh4 Qb1+ 32. Kg2 Qb2+ 33. Kf3 Qxc3
34. Qe7 Qg7 35. Qxd6 Qa1 1/2-1/2

[Event "Int. StuttgarterStadtmeisterschaft C"]
[Site "Ditzingen"]
[Date "2019.05.30"]
[Round "2.2"]
[White "Krämer, Heiko"]
[Black "Schmidt, Victor"]
[Result "1/2-1/2"]
[WhiteElo "1282"]
[BlackElo "1461"]
[PlyCount "64"]
[EventDate "2019.??.??"]
[WhiteTeam "SC Ostfildern 1952 e.V."]
[BlackTeam "SK e4 Gerlingen"]

1. d4 d5 2. c4 c6 3. Nf3 Nf6 4. Nc3 e6 5. cxd5 cxd5 6. Bg5 Be7 7. e3 Nc6 8. Bd3
O-O 9. O-O h6 10. Bh4 Re8 11. Rc1 a6 12. a3 Bd7 13. b4 b5 14. Qb3 Nh5 15. Bxe7
Rxe7 16. a4 bxa4 17. Nxa4 f5 18. Nc5 Nf6 19. Nxa6 Ne4 20. Nc5 Rb8 21. b5 Na7
22. Nxd7 Qxd7 23. Rb1 Rb6 24. Rb2 Qe8 25. Rfb1 Reb7 26. Ne5 Nd6 27. Qa4 Kh7 28.
h3 Qb8 29. Qc2 Naxb5 30. Bxb5 Nxb5 31. Qd3 Nc3 32. Rxb6 Nxb1 1/2-1/2

[Event "Int. StuttgarterStadtmeisterschaft C"]
[Site "Ditzingen"]
[Date "2019.05.30"]
[Round "2.3"]
[White "Izquierdo, Antonio"]
[Black "Erhardt, Daniel"]
[Result "1-0"]
[WhiteElo "1409"]
[BlackElo "1264"]
[PlyCount "65"]
[EventDate "2019.??.??"]
[WhiteTeam "TSF Ditzingen"]
[BlackTeam "Schach-Kids Bernhausen e.V."]

1. e4 e5 2. Bc4 Nf6 3. Nf3 Nc6 4. Ng5 d5 5. exd5 Na5 6. Bb5+ Bd7 7. Bxd7+ Qxd7
8. O-O Nxd5 9. d4 Nb4 10. c3 Nbc6 11. Qe2 b6 12. dxe5 Nd8 13. f4 Ne6 14. f5
Nxg5 15. Bxg5 Be7 16. e6 Qd6 17. exf7+ Kxf7 18. Qe6+ Qxe6 19. fxe6+ Ke8 20. Bf4
Bc5+ 21. Kh1 Bd6 22. Bxd6 cxd6 23. Nd2 Nc6 24. Rf7 Rg8 25. Rc7 Ne5 26. Ne4 Kd8
27. Rb7 Re8 28. Nxd6 Rxe6 29. Rd1 Nd3 30. Nb5 Kc8 31. Rf7 Nxb2 32. Nd6+ Kb8 33.
Rb7# 1-0

[Event "Int. StuttgarterStadtmeisterschaft C"]
[Site "Ditzingen"]
[Date "2019.05.30"]
[Round "2.4"]
[White "Winterstein, Tim"]
[Black "Martin, Peter"]
[Result "0-1"]
[WhiteElo "1266"]
[BlackElo "1390"]
[PlyCount "120"]
[EventDate "2019.??.??"]
[WhiteTeam "SV Dettingen Erms"]
[BlackTeam "SC Wittlich 1947"]

1. c4 c5 2. g3 d6 3. Bg2 Nf6 4. Nc3 e6 5. Nf3 Be7 6. a3 O-O 7. O-O Nc6 8. Rb1
d5 9. cxd5 exd5 10. d4 Bf5 11. Ra1 b6 12. Bf4 Bd6 13. Bg5 Be6 14. e4 dxe4 15.
Nxe4 Be7 16. Bxf6 gxf6 17. dxc5 bxc5 18. Qc2 Rc8 19. Rfd1 Nd4 20. Nxd4 cxd4 21.
Qd2 f5 22. Qxd4 Qxd4 23. Rxd4 fxe4 24. Rxe4 Bf6 25. Re2 Rb8 26. Rb1 Bf5 27. Be4
Bxe4 28. Rxe4 Rxb2 29. Rxb2 Bxb2 30. Ra4 Ra8 31. Ra6 Kf8 32. Kg2 Ke8 33. Kf3 f6
34. h4 Bd4 35. Ra4 Bc5 36. Ra5 Bb6 37. Rh5 Rd8 38. Ke2 Rd7 39. f4 Re7+ 40. Kf3
Kf8 41. Kg4 Kg7 42. Kf5 Bc5 43. a4 Re3 44. g4 Bd6 45. g5 fxg5 46. Rxg5+ Kh6 47.
Kg4 Re4 48. Rf5 Kg7 49. a5 h6 50. Kf3 Ra4 51. h5 Bc7 52. Rd5 Rxf4+ 53. Ke3 Rf7
54. Kd3 Kf6 55. Kc4 Re7 56. Rc5 Re4+ 57. Kd3 Re7 58. Kd4 Be5+ 59. Kd3 Rd7+ 60.
Kc4 Rc7 0-1

[Event "Int. StuttgarterStadtmeisterschaft C"]
[Site "Ditzingen"]
[Date "2019.05.30"]
[Round "2.5"]
[White "Kandler, Christoph"]
[Black "Volk, Emil"]
[Result "1-0"]
[WhiteElo "1385"]
[BlackElo "1219"]
[PlyCount "79"]
[EventDate "2019.??.??"]
[WhiteTeam "SF Nabern"]
[BlackTeam "SC Grunbach"]

1. e4 d5 2. exd5 Nf6 3. d4 Nxd5 4. c4 Nf6 5. Nf3 e6 6. Nc3 Bb4 7. Qc2 Nc6 8. a3
Bxc3+ 9. Qxc3 O-O 10. Bd3 Re8 11. O-O Qd6 12. Re1 Nd7 13. d5 Nc5 14. Bxh7+ Kxh7
15. Ng5+ Kg8 16. dxc6 bxc6 17. b4 Qd3 18. Qe5 f6 19. Qxc5 Qc3 20. Be3 fxg5 21.
Qxc6 Bb7 22. Qxb7 Qxc4 23. Rac1 Qd5 24. Qxc7 Red8 25. Qe7 Rd7 26. Qxg5 Qd3 27.
Qg4 Qd5 28. h4 Kf7 29. h5 Rh8 30. Qg6+ Kf8 31. Rc8+ Rd8 32. Bc5+ Kg8 33. Rxd8+
Qxd8 34. Qxe6+ Kh7 35. Qg6+ Kg8 36. Re8+ Qxe8 37. Qxe8+ Kh7 38. Qg6+ Kg8 39.
Bd4 Rh7 40. Qe8# 1-0